|
|
|
|
| LEADER |
05381nam a22003973i 4500 |
| 001 |
EBC6955745 |
| 003 |
MiAaPQ |
| 005 |
20231204023222.0 |
| 006 |
m o d | |
| 007 |
cr cnu|||||||| |
| 008 |
231204s2015 xx o ||||0 ger d |
| 020 |
|
|
|a 9783839407899
|q (electronic bk.)
|
| 020 |
|
|
|z 9783899427899
|
| 035 |
|
|
|a (MiAaPQ)EBC6955745
|
| 035 |
|
|
|a (Au-PeEL)EBL6955745
|
| 035 |
|
|
|a (OCoLC)1049913265
|
| 040 |
|
|
|a MiAaPQ
|b eng
|e rda
|e pn
|c MiAaPQ
|d MiAaPQ
|
| 100 |
1 |
|
|a Lanz, Stephan.
|
| 245 |
1 |
0 |
|a Berlin aufgemischt :
|b Die politische Konstruktion einer Einwanderungsstadt.
|
| 250 |
|
|
|a 1st ed.
|
| 264 |
|
1 |
|a Bielefeld :
|b transcript,
|c 2015.
|
| 264 |
|
4 |
|c ©2015.
|
| 300 |
|
|
|a 1 online resource (435 pages)
|
| 336 |
|
|
|a text
|b txt
|2 rdacontent
|
| 337 |
|
|
|a computer
|b c
|2 rdamedia
|
| 338 |
|
|
|a online resource
|b cr
|2 rdacarrier
|
| 490 |
1 |
|
|a Urban Studies
|
| 505 |
0 |
|
|a Cover Berlin aufgemischt -- INHALT -- 1. Einleitung -- 2. Von der Kurfürstenstadt zur geteilten Frontstadt: Berlins Geschichte als Einwanderungsstadt -- 2.1 Kurfürstenstadt: Die Anwerbung der ›besten Köpfe‹ -- 2.2 Industrielle Großstadt: Die erste Runde der ›Gastarbeiter‹-Zuwanderung -- 2.3 Hauptstadt der Weimarer Republik: Attraktion der Weltmetropole -- 2.4 Hauptstadt des Dritten Reiches: Auslöschung und Zwangsarbeitersystem -- 2.5 Gespaltene Frontstadt: Die zweite Runde der ›Gastarbeiter‹- Zuwanderung -- Schrumpfende Stadt: West-Berlin im Kalten Krieg -- Ausländerkontrolle und koloniale Phantasmen: Der Mythos vom Neuanfang -- Integration zum Ersten: Das ›bedarfsorientierte Berliner Integrationsmodell‹ -- ›Ausländer‹ als ›Fremdkörper‹ in der Stadt: Das ›Ghetto‹ -- Erster Exkurs: Die diskursive Formation des Rassismus -- ›Gastarbeiter‹ oder ›Ausländer‹: Von der national homogenen zur multikulturellen Gesellschaft -- Zweiter Exkurs: Gläsern fremd - von der Ausländerforschung zum Multikulturalismus -- Das Ende der modernen Stadt: Kultur und Soziales im Zeitalter der Identitätspolitik -- Honoratiorenpolitik und multikulturelle Stadt: Partizipation als Kompensation -- Keimzellen des Anderen: Fremde in der realsozialistischen Homogenität -- 3. Wiedervereint: Volles Boot oder weltoffene Metropole, gescheiterte Integration oder ›Einwanderungsstadt under construction‹ -- 3.1 Berlin im Metropolenrausch: Eine »Gründerzeit mit Markanz und Brutalität« -- 3.2 Import/Export: Berlin als Phönix in der Asche -- 3.3 »Fremdheit zwischen Ost und West abbauen«: Die vergessenen Einwanderer in der zusammenwachsenden Stadt -- 3.4 Environment for Sale: Von Zitadellen und stadtbürgerlichen Enklaven -- 3.5 Die räumliche Konstruktion des Anderen: Das ›Ausländerquartier‹ -- Abgehängt: Die Wiederkehr des Ghetto-Diskurses.
|
| 505 |
8 |
|
|a Dritter Exkurs: Der lange Schatten der Ausländerforschung - die Segregationsdebatte -- Innerstädtische Entwicklungshilfe: Das Quartiersmanagement -- 3.6 Images und Kulturen des Neuen Berlin: Global City, nationale Hauptstadt, multikulturelle Metropole -- Die Konstruktion einer nationalen Hauptstadt -- ›Arm aber sexy‹: Berlin als Subkulturmetropole -- Gute Kulturen, schlechte Kulturen: Berlin als Multikulturmetropole -- 3.7 Der Kampf um die besten Köpfe: Über richtige und falsche Einwanderung -- 4. Zwischen Differenz und Vielfalt: Die politische Konstruktion der ›Einwanderungsstadt BERLIN‹ -- Vierter Exkurs: Zur Methodik der Interviewanalyse -- 4.1 Der Berlindiskurs aus der Perspektive der Einwanderung -- Berlin ohne Identität: Problemfall niedergegangene Industriestadt -- Berlin als global konkurrierender Standort: Die Wiederkehr des nützlichen Ausländers -- Berlin als Modell: Die internationale Metropole -- Mythos Kreuzberg und Endstation Neukölln -- 4.2 It's all about Integration -- Fünfter Exkurs: The neoliberal turn - vom Wohlfahrtsstaat zum Workfare-Regime -- Vom Ghetto zur Parallelgesellschaft: Diskurse gescheiterter Integration -- Integration als Identifikation mit der städtischen Gemeinschaft -- Integration als soziales Recht in der pluralen Stadt -- Bildung und nichts als Bildung im aktivierenden Staat -- Die unvermeidliche Frage: Wie hältst Du es mit der Segregation? -- Regieren durch Community: Das Quartiersmanagement als Allheilmittel -- 4.3 Differenz versus Diversität: Das Feld der Kultur -- Vom Melting Pot zur Salad Bowl: Kultur als Sprengstoff des Rests im Westen -- Diversity rules: Von der Multikultur zu Diversität und Hybridität -- Sozialtechnik oder ›Öffnung eigener Reihen‹: Das Postulat der Interkulturalität -- Der blinde Fleck Rassismus -- 5. Fazit: Die diskursive Formation ›Einwanderungsstadt Berlin‹ in der Gegenwart -- Literatur.
|
| 588 |
|
|
|a Description based on publisher supplied metadata and other sources.
|
| 590 |
|
|
|a Electronic reproduction. Ann Arbor, Michigan : ProQuest Ebook Central, 2023. Available via World Wide Web. Access may be limited to ProQuest Ebook Central affiliated libraries.
|
| 655 |
|
4 |
|a Electronic books.
|
| 776 |
0 |
8 |
|i Print version:
|a Lanz, Stephan
|t Berlin aufgemischt: abendländisch, multikulturell, kosmopolitisch?
|d Bielefeld : transcript,c2015
|z 9783899427899
|
| 797 |
2 |
|
|a ProQuest (Firm)
|
| 830 |
|
0 |
|a Urban Studies
|
| 856 |
4 |
0 |
|u https://ebookcentral.proquest.com/lib/matrademy/detail.action?docID=6955745
|z Click to View
|